The acts for facilitating the inclosure of commons in England and Wales (Record no. 113940)
[ view plain ]
| 000 -LEADER | |
|---|---|
| fixed length control field | 00804cam a22001935a 4500 |
| 001 - CONTROL NUMBER | |
| control field | L155953 |
| 008 - FIXED-LENGTH DATA ELEMENTS--GENERAL INFORMATION | |
| fixed length control field | 120423s1864 xxk f 000 0 eng d |
| 035 ## - SYSTEM CONTROL NUMBER | |
| System control number | (Sirsi) u155953 |
| 041 0# - LANGUAGE CODE | |
| Language code of text/sound track or separate title | eng |
| 100 1# - MAIN ENTRY--PERSONAL NAME | |
| Personal name | Cooke, George Wingrove |
| Dates associated with a name | 1814-1865 |
| 245 04 - TITLE STATEMENT | |
| Title | The acts for facilitating the inclosure of commons in England and Wales |
| Remainder of title | with a treatise on the law of rights of commons in reference to these acts and on the jurisdiction of the inclosure commissioners in exchanges and partition ... with forms as settled by the commissioners |
| 250 ## - EDITION STATEMENT | |
| Edition statement | 4th ed. |
| 260 ## - PUBLICATION, DISTRIBUTION, ETC. | |
| Place of publication, distribution, etc. | London |
| Name of publisher, distributor, etc. | V. & R. Stevens and Haynes |
| Date of publication, distribution, etc. | 1864 |
| 300 ## - PHYSICAL DESCRIPTION | |
| Extent | xxvii, 592 p. |
| Other physical details | forms |
| Dimensions | 20 cm. |
| 583 ## - ACTION NOTE | |
| Action | Condition reviewed |
| Time/date of action | 20120620 |
| Status | condition level 1 and 2 |
| 651 #4 - SUBJECT ADDED ENTRY--GEOGRAPHIC NAME | |
| Geographic name | Great Britain |
| Chronological subdivision | 1707- |
| 690 ## - LOCAL SUBJECT ADDED ENTRY--TOPICAL TERM (OCLC, RLIN) | |
| Topical term or geographic name as entry element | Rural |
| 9 (RLIN) | 6268 |
| 942 ## - ADDED ENTRY ELEMENTS (KOHA) | |
| Suppress in OPAC | 0 |
| Withdrawn status | Lost status | Source of classification or shelving scheme | Damaged status | Not for loan | Home library | Current library | Shelving location | Date acquired | Total Checkouts | Full call number | Barcode | Date last seen | Copy number | Price effective from | Koha item type |
|---|---|---|---|---|---|---|---|---|---|---|---|---|---|---|---|
| Dewey Decimal Classification | Historic collection | Historic collection | Historic collection | 23/04/2012 | OCTAVO 1864 COOKE | 30077849 | 06/08/2019 | 1 | 06/08/2019 | Book | |||||
| Historic collection | Historic collection | Historic collection | 23/04/2012 | LAW OCTAVO 1864 COOKE | 30077853 | 20/08/2025 | 2 | 06/08/2019 | Book |